| 000 | 01472nam a22003617a 4500 | ||
|---|---|---|---|
| 003 | CHAP | ||
| 005 | 20220329143329.0 | ||
| 008 | 080826s2007 mx a r 00010 spa d | ||
| 010 | _a95064 | ||
| 011 | _a96036 | ||
| 035 | _a106675 | ||
| 040 | _cCHAP | ||
| 090 | _aTesis | ||
| 100 | 1 |
_aRomero Castañeda, Jonathan Edgar. _999535 |
|
| 245 | 1 | 0 |
_aControl químico in vitro de la mancha bacteriana (Xanthomonas campestris pv. vesicatoria), en el cultivo de jitomate (Lycopersicon esculentum) en Texcoco, Estado de México _c/por Jonathan Edgar Romero Castañeda |
| 260 |
_aChapingo, Méx. : _bEl autor, _c2007 |
||
| 300 |
_avi, 65 h. : _bilus., gráfs., cuadros |
||
| 502 | _aTesis (Ing. Agr. Esp. en Parasitología Agrícola) -- UACH. Departamento de Parasitología Agrícola | ||
| 590 |
_aALEPH _b10 _c20130110 _lUCH01 _h1523 |
||
| 590 |
_aBATCH-UPD _b10 _c20130110 _lUCH01 _h1119 |
||
| 590 |
_aBATCH-UPD _b10 _c20130410 _lUCH01 _h0710 |
||
| 590 |
_aBATCH-UPD _b10 _c20130914 _lUCH01 _h0522 |
||
| 590 |
_aBATCH-UPD _b10 _c20130914 _lUCH01 _h2048 |
||
| 590 |
_aCONVERSION _b10 _c20130109 _lUCH01 _h1353 |
||
| 650 | 1 | 4 |
_aBactericidas. _99329 |
| 650 | 1 | 4 |
_aTomate _xEnfermedades. _9113711 |
| 650 | 1 | 4 |
_aTomate _zMéxico (Edo.). _9113786 |
| 650 | 1 | 4 |
_aXanthomonas campestris. _9122885 |
| 901 | _aBK | ||
| 942 | _cFOLL | ||
| 949 |
_aTesis _bBC _cTES _d33724002067108 _eTS1 _gDonaciØn _h47874 _i106675 _sb |
||
| 949 |
_aTesis _bBC _cTES _d33724002067462 _eTS2 _fc.2 _gDonaciØn _h47875 _i106675 _sb |
||
| 999 |
_c95064 _d95064 |
||